History of the jana natya manch: Plays for the people (Record no. 394606)

MARC details
000 -LEADER
fixed length control field 00633 a2200229 4500
005 - DATE & TIME
control field 20260209161412.0
008 - FIXED-LENGTH DATA ELEMENTS--GENERAL INFORMATION
fixed length control field 260209b |||||||| |||| 00| 0 eng d
020 ## - ISBN
International Standard Book Number 9788126938636
Price Rs. 1195.00
040 ## - CATALOGING SOURCE
Original cataloging agency VIVEKANANDA LIBRARY
082 ## - DDC NUMBER
Classification number 792.0954
Book Number G346H
100 ## - MAIN ENTRY--PERSONAL NAME
Personal name Ghosh, Arjun
245 ## - TITLE STATEMENT
Title History of the jana natya manch: Plays for the people
250 ## - EDITION STATEMENT
Edition statement
260 ## - PUBLICATION, DISTRIBUTION, ETC. (IMPRINT)
Name of publisher, distributor, etc Atlantic Publishers and Distributors
Date of publication, distribution, etc 2025
Place of publication, distribution, etc Delhi
300 ## - PHYSICAL DESCRIPTION
Pages xxi, 293
650 ## - Subject
Subject Theatre
650 ## - Subject
Subject Stage Presentations
650 ## - Subject
Subject Historical Treatment
650 ## - Subject
Subject India - Political Theatre
700 ## - Added Entry Personal Name
Added Entry Personal Name Deshpande G.P
942 ## - ADDED ENTRY ELEMENTS (KOHA)
Koha item type Books
Holdings
Withdrawn status Lost status Source of classification or shelving scheme Damaged status Not for loan Location (home branch) Sublocation or collection (holding branch) Shelving location Date acquired Koha issues (times borrowed) Koha full call number Accession No. Koha date last seen Koha item type
    Dewey Decimal Classification     VIVEKANANDA LIBRARY VIVEKANANDA LIBRARY Vivekananda Library 22/01/2026   792.0954 G346H 444399 22/01/2026 Books
© Designed and Maintained by Vivekananda Library, MDU Rohtak